[Event "POL-chT U19 2nd League"]
[Site "Iwonicz"]
[Date "2016.07.31"]
[Round "4.62"]
[White "Laszczak, Przemyslaw"]
[Black "Majocha, Piotr"]
[Result "1/2-1/2"]
[WhiteElo "1819"]
[BlackElo "1751"]
[PlyCount "84"]
[EventDate "2016.07.23"]
[EventType "team-swiss"]
[EventRounds "11"]
[EventCountry "POL"]
[SourceTitle "EXT 2019"]
[Source "ChessBase"]
[SourceDate "2018.10.10"]
[SourceVersion "1"]
[SourceVersionDate "2018.10.10"]
[SourceQuality "1"]
[WhiteTeam "Minsk Mazowiecki MTSz U19"]
[BlackTeam "Radkow Giecek U19"]
[WhiteTeamCountry "POL"]
[BlackTeamCountry "POL"]

1. d4 Nf6 2. Bg5 e6 3. e3 Be7 4. Bd3 b6 5. Nf3 Bb7 6. 0-0 0-0 7. Nbd2 d6 8. c3 Nbd7 9. e4 c5 10. Rc1 Ne8 11. Bxe7 Qxe7 12. e5 Bxf3 13. Qxf3 d5 14. Qh3 g6 15. f4 f5 16. exf6 Qxf6 17. Nf3 Ng7 18. Rce1 Rae8 19. Ng5 h5 20. Bb5 Qe7 21. Nf3 Rxf4 22. Ne5 Rxf1+ 23. Rxf1 Nxe5 24. Bxe8 Qxe8 25. dxe5 Nf5 26. Qf3 Qe7 27. h3 Qg5 28. g4 hxg4 29. hxg4 Kg7 30. Kh2 Qh6+ 31. Qh3 Qd2+ 32. Kg1 Ne3 33. Rf3 Qe1+ 34. Kh2 Qe2+ 35. Kg3 Qe1+ 36. Kf4 Qc1 37. Rxe3 d4 38. g5 Qxe3+ 39. Qxe3 dxe3 40. Kxe3 Kf7 41. Kd3 Ke7 42. Kc4 a6 1/2-1/2

[Event "POL-ch U16"]
[Site "Szklarska Poreba"]
[Date "2016.03.19"]
[Round "8"]
[White "Laszczak, Przemyslaw"]
[Black "Wyczling, Bartosz"]
[Result "0-1"]
[WhiteElo "1870"]
[BlackElo "1959"]
[PlyCount "58"]
[EventDate "2016.03.13"]
[EventType "swiss"]
[EventRounds "9"]
[EventCountry "POL"]
[SourceTitle "EXT 2018"]
[Source "ChessBase"]
[SourceDate "2017.10.13"]
[SourceVersion "1"]
[SourceVersionDate "2017.10.13"]
[SourceQuality "1"]

1. d4 f5 2. c4 Nf6 3. Bg5 Ne4 4. Bh4 g6 5. e3 Bg7 6. Bd3 Nf6 7. Bxf6 Bxf6 8. h4 h5 9. Qf3 d6 10. e4 Bxd4 11. exf5 gxf5 12. Bxf5 Bxf5 13. Qxf5 Qd7 14. Qxd7+ Nxd7 15. Nd2 Bxb2 16. Rb1 Bd4 17. Ne2 Bb6 18. Ne4 Ne5 19. 0-0 Nxc4 20. Nf4 Kd7 21. Rfc1 Ne5 22. g3 Raf8 23. Nd5 Nc6 24. a4 Rf5 25. Rb5 Nd4 26. Nxb6+ axb6 27. Rb2 Ra8 28. Rc4 Nf3+ 29. Kg2 d5 0-1

[Event "POL-ch U16"]
[Site "Szklarska Poreba"]
[Date "2016.03.14"]
[Round "2"]
[White "Laszczak, Przemyslaw"]
[Black "Drozdowski, Konrad"]
[Result "0-1"]
[WhiteElo "1870"]
[BlackElo "2037"]
[PlyCount "24"]
[EventDate "2016.03.13"]
[EventType "swiss"]
[EventRounds "9"]
[EventCountry "POL"]
[SourceTitle "EXT 2018"]
[Source "ChessBase"]
[SourceDate "2017.10.13"]
[SourceVersion "1"]
[SourceVersionDate "2017.10.13"]
[SourceQuality "1"]

1. d4 d5 2. c4 e6 3. Nc3 c6 4. e3 Bd6 5. Nf3 f5 6. b3 Nf6 7. Be2 0-0 8. 0-0 Nbd7 9. Nd2 Qe7 10. f3 e5 11. dxe5 Qxe5 12. Qc2 Qxh2+ 0-1

[Event "POL-ch U16"]
[Site "Szklarska Poreba"]
[Date "2016.03.13"]
[Round "1"]
[White "Lukasiewicz, Krzysztof"]
[Black "Laszczak, Przemyslaw"]
[Result "1-0"]
[WhiteElo "2114"]
[BlackElo "1870"]
[PlyCount "77"]
[EventDate "2016.03.13"]
[EventType "swiss"]
[EventRounds "9"]
[EventCountry "POL"]
[SourceTitle "EXT 2018"]
[Source "ChessBase"]
[SourceDate "2017.10.13"]
[SourceVersion "1"]
[SourceVersionDate "2017.10.13"]
[SourceQuality "1"]

1. e4 c5 2. Nf3 d6 3. d4 cxd4 4. Nxd4 Nf6 5. Nc3 Nc6 6. Be2 g6 7. 0-0 Bg7 8. Nb3 0-0 9. Bg5 Be6 10. Re1 Rc8 11. Bf1 Ng4 12. Qd2 Nge5 13. Nd5 f5 14. f4 Nf7 15. exf5 Bxd5 16. Qxd5 Qb6+ 17. Kh1 Nb4 18. Qe6 Nxc2 19. Bxe7 Nxa1 20. Bxf8 Rxf8 21. fxg6 hxg6 22. Rxa1 Qf2 23. Bd3 Qxb2 24. Qxg6 Rc8 25. h3 a5 26. Qe6 Rc7 27. Qe4 Qa3 28. Qe8+ Bf8 29. Qe4 Bg7 30. Re1 a4 31. Qe8+ Bf8 32. Re3 d5 33. Rg3+ Kh8 34. Nd4 Rc1+ 35. Kh2 Qe7 36. Re3 Qxe8 37. Rxe8 Kg7 38. Ne6+ Kf6 39. Nxf8 1-0

[Event "Mazowiec-chT op 1516"]
[Site "Poland"]
[Date "2016.01.10"]
[Round "6.9"]
[White "Laszczak, Przemyslaw"]
[Black "Szustakowski, Antoni"]
[Result "1-0"]
[WhiteElo "1948"]
[BlackElo "2057"]
[PlyCount "77"]
[EventDate "2015.11.29"]
[EventType "team-tourn"]
[EventRounds "10"]
[EventCountry "POL"]
[SourceTitle "EXT 2019"]
[Source "ChessBase"]
[SourceDate "2018.10.10"]
[SourceVersion "1"]
[SourceVersionDate "2018.10.10"]
[SourceQuality "1"]

1. d4 e6 2. c4 Nf6 3. Bg5 Bb4+ 4. Nc3 c5 5. d5 h6 6. Bd2 0-0 7. g3 exd5 8. cxd5 d6 9. Bg2 Re8 10. Nf3 Qe7 11. e3 b6 12. 0-0 Bb7 13. Ne1 Na6 14. Nc2 Nc7 15. e4 Qd7 16. Re1 Re7 17. a3 Bxc3 18. Bxc3 Nfe8 19. Ne3 g6 20. Ng4 h5 21. Nf6+ Nxf6 22. Bxf6 Rae8 23. Qd2 Kh7 24. Bxe7 Rxe7 25. a4 Na6 26. f4 Nb4 27. e5 Qc7 28. exd6 Rxe1+ 29. Qxe1 Qxd6 30. Qe5 Qd7 31. b3 Nc2 32. Rc1 Nd4 33. Re1 Nf5 34. Qe8 Qc7 35. Qf8 Nd6 36. Re7 Qc8 37. Qxc8 Bxc8 38. Rc7 Bf5 39. Rc6 1-0

[Event "Mazowiec-chT op 1516"]
[Site "Poland"]
[Date "2015.11.29"]
[Round "1.9"]
[White "Kwasniak, Tomasz"]
[Black "Laszczak, Przemyslaw"]
[Result "0-1"]
[WhiteElo "1786"]
[BlackElo "1948"]
[PlyCount "66"]
[EventDate "2015.11.29"]
[EventType "team-tourn"]
[EventRounds "10"]
[EventCountry "POL"]
[SourceTitle "EXT 2019"]
[Source "ChessBase"]
[SourceDate "2018.10.10"]
[SourceVersion "1"]
[SourceVersionDate "2018.10.10"]
[SourceQuality "1"]

1. e4 c6 2. d3 d5 3. Nd2 dxe4 4. dxe4 Nf6 5. h3 g6 6. Ngf3 Bg7 7. Bc4 0-0 8. 0-0 b5 9. Bb3 c5 10. a4 c4 11. Ba2 a6 12. Qe2 Bb7 13. Rd1 Qc7 14. c3 Nbd7 15. Bb1 Nc5 16. axb5 axb5 17. Rxa8 Rxa8 18. Nd4 Qb6 19. e5 Nfd7 20. N2f3 Ne6 21. Nf5 Bxf3 22. Qxf3 Rd8 23. Nxg7 Kxg7 24. Re1 Ndc5 25. Be3 Qa6 26. h4 Nd3 27. Bxd3 cxd3 28. Rd1 Qa4 29. g3 b4 30. cxb4 Qxb4 31. Bc1 d2 32. Bxd2 Rxd2 33. Rxd2 Qxd2 0-1

[Event "Valasska Bystrice op"]
[Site "Valasska Bystrice"]
[Date "2015.09.13"]
[Round "3"]
[White "Cagasik, Tomas"]
[Black "Laszczak, Przemyslaw"]
[Result "0-1"]
[WhiteElo "2206"]
[BlackElo "1822"]
[PlyCount "112"]
[EventDate "2015.09.12"]
[EventType "swiss"]
[EventRounds "9"]
[EventCountry "CZE"]
[SourceTitle "EXT 2016"]
[Source "ChessBase"]
[SourceDate "2015.10.08"]
[SourceVersion "1"]
[SourceVersionDate "2015.10.08"]
[SourceQuality "1"]

1. d4 d5 2. Bg5 c6 3. c3 Bf5 4. Nd2 Nd7 5. Ngf3 Ngf6 6. e3 h6 7. Bf4 e6 8. Be2 Be7 9. h3 0-0 10. Ne5 c5 11. g4 Bh7 12. h4 Nxe5 13. dxe5 Ne4 14. Nf3 g5 15. Bh2 Qb6 16. Qb3 c4 17. Qxb6 axb6 18. Nd4 Nc5 19. Bg3 Na4 20. 0-0-0 Nxc3 21. a3 Nxd1 22. Bxd1 c3 23. a4 Rfc8 24. Bb3 Rc5 25. f4 Be4 26. Rh2 gxh4 27. Bxh4 Bxh4 28. Rxh4 b5 29. f5 bxa4 30. Ba2 cxb2+ 31. Kxb2 exf5 32. gxf5 b5 33. Ka3 Rb8 34. Kb4 Rc1 35. e6 fxe6 36. fxe6 Ra1 37. Rh2 h5 38. Nc6 Re8 39. e7 h4 40. Ka3 Bb1 41. Nb4 Rxe7 42. Kb2 Rxa2+ 43. Nxa2 Bxa2 44. Kxa2 Rxe3 45. Rxh4 Kf7 46. Rh6 b4 47. Rb6 Re2+ 48. Kb1 b3 49. Rb4 Re4 50. Rb6 Rc4 51. Kb2 d4 52. Ka3 Ke7 53. Rh6 d3 54. Rh3 Rd4 55. Rh1 d2 56. Rd1 Ke6 0-1

[Event "Valasska Bystrice op"]
[Site "Valasska Bystrice"]
[Date "2015.09.13"]
[Round "2"]
[White "Laszczak, Przemyslaw"]
[Black "Weissmann, Lukas"]
[Result "1-0"]
[WhiteElo "1822"]
[BlackElo "2155"]
[PlyCount "84"]
[EventDate "2015.09.12"]
[EventType "swiss"]
[EventRounds "9"]
[EventCountry "CZE"]
[SourceTitle "EXT 2016"]
[Source "ChessBase"]
[SourceDate "2015.10.08"]
[SourceVersion "1"]
[SourceVersionDate "2015.10.08"]
[SourceQuality "1"]

1. d4 d5 2. Nf3 Nf6 3. g3 c6 4. Bg2 Bf5 5. Nbd2 e6 6. 0-0 Nbd7 7. b3 Bd6 8. Bb2 Ne4 9. c4 0-0 10. Nh4 Ndf6 11. f3 Nxd2 12. Qxd2 a5 13. a3 h6 14. Nxf5 exf5 15. Rac1 f4 16. c5 Bc7 17. gxf4 Nh5 18. e3 Qf6 19. b4 axb4 20. axb4 Rfe8 21. Ra1 Rxa1 22. Rxa1 Nxf4 23. exf4 Bxf4 24. Qc2 g6 25. Rd1 Qh4 26. Bf1 Be3+ 27. Kh1 g5 28. Qg2 Bf4 29. Bc3 Re3 30. Rd3 Re6 31. Bd2 f5 32. Kg1 Bxd2 33. Rxd2 Qf4 34. Qf2 Kf7 35. Re2 Rxe2 36. Bxe2 Qd2 37. b5 Kf6 38. b6 Qc3 39. Kg2 f4 40. h4 Kg6 41. hxg5 hxg5 42. Bf1 Kf6 1-0

[Event "Valasska Bystrice op"]
[Site "Valasska Bystrice"]
[Date "2015.09.12"]
[Round "1"]
[White "Glacner, Karel"]
[Black "Laszczak, Przemyslaw"]
[Result "0-1"]
[WhiteElo "1556"]
[BlackElo "1822"]
[PlyCount "30"]
[EventDate "2015.09.12"]
[EventType "swiss"]
[EventRounds "9"]
[EventCountry "CZE"]
[SourceTitle "EXT 2016"]
[Source "ChessBase"]
[SourceDate "2015.10.08"]
[SourceVersion "1"]
[SourceVersionDate "2015.10.08"]
[SourceQuality "1"]

1. e4 c6 2. c4 d5 3. cxd5 cxd5 4. Bb5+ Bd7 5. Qa4 dxe4 6. Bxd7+ Qxd7 7. Qxe4 Nf6 8. Qf3 Nc6 9. Ne2 Ne5 10. Qb3 Nd3+ 11. Kf1 Ne4 12. f3 Rc8 13. Na3 Nxc1 14. Qe3 Nxe2 15. Kxe2 Nd6 0-1